000 00641nam a22002297a 4500
003 UA-OsUOA
001 48374
007 ta
008 20070904b un ||||| |||| 00| 0 ukr d
100 _aКулешов В.
090 _a82.09
_bК90
942 _cBK
040 _aUA-OsUOA
_brus
_cUA-OsUOA
_dUA-OsUOA
245 _aНатуральная школа в русской литературе ХІХ века
300 _a238 с.
955 _a1
041 _arus
080 _a82.09
260 _aМ.
_bПросвещение
_c1982
650 7 _a82 Література. Літературознавство
_2UDC
999 _c334482
_d334482